000
00303nam a2200133Ia 4500
005
20251222154331.0
008
251222s9999||||xx |||||||||||||| ||spa||
082
_a
863/S17
100
_a
Salvador, Tomás
245
0
_a
El Haragán
250
_a
1ra.ed.
264
_b
Círculo de Lectores
942
_c
LIB
999
_c
34147
_d
34147